[Event "RUS-chT Blitz Men 2018"]
[Site "Sochi"]
[Date "2018.10.10"]
[Round "7"]
[White "Linker, Mikhail"]
[Black "Afanasiev, Nikita"]
[Result "0-1"]
[WhiteElo "2269"]
[BlackElo "2487"]
[Annotator "RC"]
[PlyCount "92"]
[EventDate "2018.10.10"]
[EventType "swiss"]
[EventCountry "RUS"]
[SourceTitle "playchess.com"]
[Source "ChessBase"]
[SourceQuality "1"]
[TimeControl "180+2"]

1. d4 {[%emt 0:00:00]} Nf6 {[%emt 0:00:00]} 2. c4 {[%emt 0:00:01]} e6 {[%emt 0:00:01]} 3. g3 {[%emt 0:00:01]} c5 {[%emt 0:00:06]} 4. d5 {[%emt 0:00:00]} exd5 {[%emt 0:00:01]} 5. cxd5 {[%emt 0:00:02]} Bd6 {[%emt 0:00:02]} 6. Nc3 {[%emt 0:00:01]} O-O {[%emt 0:00:03]} 7. Bg2 {[%emt 0:00:01]} a6 {[%emt 0:00:01]} 8. a4 {[%emt 0:00:01]} Re8 {[%emt 0:00:02]} 9. Nf3 {[%emt 0:00:01]} Bc7 {[%emt 0:00:02]} 10. O-O {[%emt 0:00:02]} d6 {[%emt 0:00:02]} 11. Bf4 {[%emt 0:00:06]} Nbd7 {[%emt 0:00:08]} 12. Re1 {[%emt 0:00:03]} Ng4 {[%emt 0:00:24]} 13. e4 {[%emt 0:00:08]} Nde5 {[%emt 0:00:11]} 14. Nxe5 {[%emt 0:00:14]} Nxe5 {[%emt 0:00:01]} 15. h3 {[%emt 0:00:16]} Qf6 {[%emt 0:00:08]} 16. Bxe5 {[%emt 0:00:19]} Qxe5 {[%emt 0:00:16]} 17. f4 {[%emt 0:00:03]} Qe7 {[%emt 0:00:23]} 18. Kh2 Rb8 19. e5 {[%emt 0:00:31]} dxe5 {[%emt 0:00:04]} 20. Ne4 {[%emt 0:00:23]} Bd6 {[%emt 0:00:01]} 21. Qh5 {[%emt 0:00:07]} g6 {[%emt 0:00:16]} 22. Qg5 {[%emt 0:00:00]} Qxg5 {[%emt 0:00:19]} 23. fxg5 {[%emt 0:00:01]} Rd8 {[%emt 0:00:05]} 24. Nxd6 {[%emt 0:00:02]} Rxd6 {[%emt 0:00:02]} 25. Rxe5 {[%emt 0:00:01]} Bd7 {[%emt 0:00:08]} 26. a5 {[%emt 0:00:27]} Kf8 {[%emt 0:00:04]} 27. Rc1 {[%emt 0:00:09]} b6 {[%emt 0:00:02]} 28. axb6 {[%emt 0:00:01]} Rbxb6 {[%emt 0:00:01]} 29. Re2 {[%emt 0:00:23]} Rb5 {[%emt 0:00:04]} 30. Rec2 {[%emt 0:00:01]} Rdb6 {[%emt 0:00:03]} 31. Rxc5 {[%emt 0:00:02]} Rxc5 {[%emt 0:00:08]} 32. Rxc5 {[%emt 0:00:01]} Rxb2 {[%emt 0:00:01]} 33. Rc7 {[%emt 0:00:22]} Ke7 {[%emt 0:00:03]} 34. Ra7 {[%emt 0:00:01]} Ra2 {[%emt 0:00:06]} 35. Kg1 {[%emt 0:00:03]} Kd6 {[%emt 0:00:01]} 36. Bf1 {[%emt 0:00:02]} a5 {[%emt 0:00:02]} 37. h4 {[%emt 0:00:06]} a4 {[%emt 0:00:02]} 38. Bc4 {[%emt 0:00:00]} Rc2 {[%emt 0:00:03]} 39. Ra6+ {[%emt 0:00:01]} Kc5 {[%emt 0:00:17]} 40. Bd3 {[%emt 0:00:01]} Rd2 {[%emt 0:00:05]} 41. Be4 {[%emt 0:00:01]} Kb4 {[%emt 0:00:05]} 42. Ra7 {[%emt 0:00:01]} Bb5 {[%emt 0:00:11]} 43. Rxf7 {[%emt 0:00:13]} a3 {[%emt 0:00:01]} 44. Ra7 {[%emt 0:00:03]} a2 {[%emt 0:00:01]} 45. d6 {[%emt 0:00:03]} Ba4 {[%emt 0:00:05]} 46. Rb7+ {[%emt 0:00:03]} Ka3 {[%emt 0:00:03]} 0-1

[Event "RUS-chT Blitz Men 2018"]
[Site "Sochi"]
[Date "2018.10.10"]
[Round "7"]
[White "Borisova, Ekaterina"]
[Black "Inozemtsev, Sergei"]
[Result "0-1"]
[WhiteElo "2256"]
[BlackElo "2310"]
[Annotator "TA"]
[PlyCount "160"]
[EventDate "2018.10.10"]
[EventType "swiss"]
[EventCountry "RUS"]
[SourceTitle "playchess.com"]
[Source "ChessBase"]
[SourceQuality "1"]

{[%evp 17,160,27,25,13,22,27,72,35,58,47,63,37,48,14,14,12,50,0,50,47,72,9,56,40,83,12,72,31,92,32,122,110,91,-10,180,176,335,240,304,289,406,394,418,409,366,361,372,347,404,397,389,0,368,309,374,359,512,279,241,172,161,0,152,152,152,152,180,170,372,135,154,123,135,140,150,68,272,272,272,247,289,281,251,201,177,169,175,90,83,7,325,325,295,0,0,0,0,0,0,0,0,0,0,0,0,0,0,0,0,0,0,0,0,0,0,0,0,0,0,0,0,0,0,-8,0,-29980,-29981,-29981,-29981,-29981,-29982,-29982,-29983,-29983,-29984,-29986,-29987,-29986,-29985,-29991,-29992,-29992,0,-29993,-29994]} 1. d4 e6 2. g3 Nf6 3. Bg2 c5 4. c4 cxd4 5. Qxd4 Nc6 6. Qf4 d6 7. Nc3 a6 8. Nf3 Be7 9. O-O O-O 10. Rd1 {A30: Symmetrical English: Double Fianchetto and Hedgehog} Bd7 11. b3 Qb8 12. Bb2 {White is better.} Rd8 $146 ({Predecessor:} 12... b5 13. Ne4 Nxe4 14. Qxe4 f5 15. Qd3 bxc4 16. Qxc4 Ra7 17. Nd4 Ne5 {½-½ (45) Meduna,E (2300)-Jankovec,I (2375) Ostrava 1976}) 13. Rac1 Be8 14. Qd2 Ra7 15. Nd4 (15. a4 {is more complex.} Ra8 16. e3 Nd7 17. Nd4 Nc5 18. Ne4) 15... Nxd4 16. Qxd4 Bc6 17. e4 Ne8 18. Qb6 $36 {[%mdl 2048] Black is under pressure.} Ra8 19. b4 (19. Ne2 $16) 19... Qc7 20. Qe3 Qb8 21. b5 (21. a4 $16) 21... Bd7 (21... axb5 $11 22. cxb5 Bd7) 22. a4 Rc8 ({Better is} 22... axb5 $14 23. axb5 (23. cxb5 Bf6 $11) 23... Nf6) 23. Bf1 (23. e5 $16) 23... Qa7 (23... Nf6 $14) 24. Qxa7 Rxa7 25. Ba3 (25. b6 $16 Raa8 26. Ba3) 25... Kf8 $2 (25... axb5 $11 26. c5 b4 27. Bxb4 dxc5 28. Rxd7 cxb4 29. Rxe7 Kf8 30. Rxe8+ Kxe8 31. Bb5+ Kf8) 26. c5 $1 $18 axb5 $2 (26... Raa8 {was worth a try.} 27. cxd6 Bf6) 27. cxd6 Bf6 28. Bxb5 Rd8 (28... b6 {keeps fighting.} 29. Bxd7 Rxd7) 29. Bc5 Raa8 30. Bb6 Bxb5 31. Nxb5 Rd7 32. a5 e5 33. Nc7 Rb8 34. Nb5 $2 ({White should try} 34. Nxe8 $18 Kxe8 35. Rc5) 34... Bg5 $2 {[%mdl 8192]} (34... Ra8 $1 $11 {and Black has nothing to worry.} 35. Rd5 g6) 35. Rc3 h5 36. h4 Bf6 (36... Bd8 $142 37. Rd5 g6) 37. Rcd3 Rc8 38. Nc7 Bd8 39. Nb5 $2 (39. Rd5 $18) 39... Bxb6 $2 (39... Bf6 $1 $11) 40. axb6 $16 Rc6 41. Rd5 Rxb6 42. Rxe5 Nxd6 $2 (42... g6 43. f3 Rd8) 43. Nxd6 $2 (43. Red5 $1 $18) 43... Rbxd6 44. Rxd6 Rxd6 45. Rxh5 {[%mdl 4096] Endgame KR-KR} Rd4 46. Rb5 (46. f3 $1 $16) 46... Rd7 $2 ({Black should play} 46... Rxe4 $14 47. Rxb7 Ra4) 47. Kg2 $18 Ke7 48. Kf3 Kd8 49. g4 Kc7 50. Ke3 Kc6 51. Rg5 f6 52. Rf5 (52. Rg6 $1 $18) 52... b5 $16 {[#]} 53. g5 (53. h5 $1 $16) 53... Rd6 $2 {[%mdl 8192]} (53... fxg5 $1 $11 54. hxg5 (54. Rxg5 b4 $14) 54... Rd8) 54. gxf6 $18 gxf6 55. Rd5 $2 (55. h5 $18) 55... Rxd5 $11 56. exd5+ Kxd5 {KPP-KPP} 57. h5 {Hoping for h6.} Ke6 $1 58. h6 {White threatens h7 and mate.} Kf7 59. Kd4 Kg6 60. h7 Kxh7 {KPP-KP} 61. Kc5 Kg6 62. Kxb5 {KP-KP} Kf5 63. Kc4 Ke4 64. Kc3 $1 Kf3 (64... f5 $5) 65. Kd4 Kf4 66. Kd3 Kf3 67. Kd4 Kf4 68. Kd3 f5 {[%cal Bf6f5,Bf5f4][%mdl 32]} 69. Ke2 Ke4 70. f3+ Kd4 71. Kf2 $2 {[%mdl 8192]} (71. Kd2 $11) 71... f4 72. Ke2 Kc3 73. Ke1 Kd3 74. Kf2 Kd2 75. Kf1 Ke3 76. Ke1 Kxf3 77. Kf1 Ke3 78. Ke1 {[#]} f3 $1 79. Kf1 f2 80. Kg2 {intending Kf1.} Ke2 {Precision: White = 41%, Black = 32%.} 0-1

[Event "RUS-chT Blitz Men 2018"]
[Site "Sochi"]
[Date "2018.10.10"]
[Round "7"]
[White "Shkurkin, Andrey"]
[Black "Rakhmanov, Aleksandr"]
[Result "0-1"]
[WhiteElo "2201"]
[BlackElo "2634"]
[Annotator "TA"]
[PlyCount "100"]
[EventDate "2018.10.10"]
[EventType "swiss"]
[EventCountry "RUS"]
[SourceTitle "playchess.com"]
[Source "ChessBase"]
[SourceQuality "1"]

{[%evp 9,100,4,9,14,46,0,0,-18,-19,-25,-7,-22,-26,-31,-14,-39,-39,-35,-32,-38,-29,-43,-41,-30,0,-67,-66,-107,-109,-126,-123,-120,-127,-147,-143,-142,-124,-116,-122,-180,-141,-150,-97,-159,-148,-150,-155,-243,-35,-301,-169,-193,-190,-181,-172,-233,-192,-247,-89,-93,-85,-108,-96,-201,-187,-262,-272,-394,-363,-433,-370,-370,-370,-533,-488,-556,-547,-708,-619,-2352,-1889,-2022,-1991,-1749,-1604,-2847,-4858,-2545,-2426,-2687,-6187,-6536,-6070]} 1. d4 Nf6 2. c4 d6 3. Nc3 e5 4. dxe5 dxe5 5. Qxd8+ Kxd8 6. Nf3 {A53: Old Indian Defence without Nf3} Bd6 (6... Be6 7. b3 Nbd7 8. Ng5 Bb4 9. Nxe6+ fxe6 10. Bd2 Ke7 11. g4 Nc5 12. g5 Nfd7 13. Bg2 a5 {0-1 (34) Vocaturo,D (2584)-Jobava,B (2713) Bergamo 2014}) 7. Bg5 (7. c5 $5 Bxc5 8. Nxe5 $11) 7... Be6 8. e4 {The position is equal.} Nbd7 {[%cal Bb8d7,Bd7c5,Bc5b7][%mdl 32]} 9. O-O-O h6 $146 ({Predecessor:} 9... Kc8 10. Ne1 Bb4 11. f3 Bxc3 12. bxc3 Nb6 13. Nd3 Bxc4 14. Nxe5 Bxa2 15. c4 Re8 16. Kb2 Rxe5 17. Bxf6 gxf6 18. Kxa2 {1-0 (62) Nijs,N (2150)-Drenchev,P (2450) La Fere 2008}) 10. Bh4 Kc8 11. Be2 Bb4 {...Bxc3 is the strong threat.} 12. Nd2 Bxc3 13. bxc3 Nc5 14. f3 Nfd7 15. Bf2 a5 {[%cal Ba7a5,Ba5a4][%mdl 32]} 16. Nb3 b6 17. Kc2 (17. Nd4 $11) 17... Nb7 $15 18. Rd2 a4 19. Nc1 Na5 20. Rhd1 Nc5 21. Be3 Nxc4 22. Bxc4 Bxc4 23. Bxc5 bxc5 24. Rd7 (24. Kb1 $17) 24... Be6 25. R7d2 c4 ({Black should try} 25... Kb7 26. Kd3 Rhd8+ 27. Ke3 Rxd2 28. Rxd2 Kc6) 26. a3 ({White should play} 26. Ne2) 26... Rb8 27. Na2 Rb3 28. Nb4 {[#]} (28. h4 $17) 28... Rxa3 $2 (28... Kb7 $1 $19 29. Rb1 f5) 29. Nd5 $2 {[%mdl 8192]} (29. Nc6 $15) 29... Ra2+ (29... Kb7 $142 30. f4 c6) 30. Kc1 Rxd2 31. Rxd2 $19 {[%mdl 4096] Endgame KRB-KRN} Kb7 32. Nb4 (32. Rb2+ {was necessary.} Kc6 33. Nb4+ Kd6 34. Kb1) 32... g5 33. Kb2 (33. Rb2 $142) 33... g4 $2 {[#]} (33... c5 $19 {is more deadly.} 34. Nd5 Re8) 34. fxg4 $17 Bxg4 35. Ka3 Be6 36. Nc2 (36. Rb2 $17) 36... Kb6 $19 37. Ne3 (37. Nb4 $142) 37... Kc5 38. g3 (38. Nc2 {was called for.}) 38... Rb8 39. Nd1 Rb1 40. Ka2 Rb3 41. Rb2 (41. h3 {is a better defense.}) 41... c6 {Black is clearly winning.} 42. Rd2 h5 43. Rb2 a3 44. Rxb3 cxb3+ 45. Kxa3 {KB-KN} Kc4 46. Kb2 Kd3 47. Nf2+ Ke3 48. Nd1+ Kxe4 49. Kc1 Kd3 50. Kb2 Ke2 {Precision: White = 23%, Black = 64%.} 0-1

[Event "RUS-chT Blitz Men 2018"]
[Site "Sochi"]
[Date "2018.10.10"]
[Round "7"]
[White "Pervakov, Sergey"]
[Black "Apryshko, Gleb"]
[Result "0-1"]
[WhiteElo "2098"]
[BlackElo "2399"]
[Annotator "NA"]
[PlyCount "63"]
[EventDate "2018.10.10"]
[EventType "swiss"]
[EventCountry "RUS"]
[SourceTitle "playchess.com"]
[Source "ChessBase"]
[SourceQuality "1"]
[TimeControl "180+2"]

1. e4 g6 2. d4 Bg7 3. Nc3 {[%emt 0:00:03]} d6 {[%emt 0:00:00]} 4. Nf3 {[%emt 0:00:01]} a6 {[%emt 0:00:00]} 5. a4 {[%emt 0:00:01]} b6 {[%emt 0:00:00]} 6. Be2 {[%emt 0:00:05]} Nd7 {[%emt 0:00:01]} 7. O-O {[%emt 0:00:02]} e6 {[%emt 0:00:00]} 8. Bg5 {[%emt 0:00:06]} Ne7 {[%emt 0:00:02]} 9. Qd2 h6 10. Be3 {[%emt 0:00:05]} Bb7 {[%emt 0:00:01]} 11. Rfe1 {[%emt 0:00:07]} g5 {[%emt 0:00:00]} 12. h3 {[%emt 0:00:03]} Ng6 {[%emt 0:00:01]} 13. Rad1 {[%emt 0:00:03]} c5 {[%emt 0:00:03]} 14. d5 {[%emt 0:00:13]} Bf8 {[%emt 0:00:24]} 15. dxe6 {[%emt 0:00:06]} fxe6 {[%emt 0:00:00]} 16. Bc4 {[%emt 0:00:07]} Qf6 {[%emt 0:00:02]} 17. a5 {[%emt 0:00:37]} b5 {[%emt 0:00:00]} 18. Bxb5 axb5 19. Nxb5 {[%emt 0:00:05]} Ra6 {[%emt 0:00:23]} 20. Nc7+ {[%emt 0:00:26]} Kf7 {[%emt 0:00:01]} 21. Nxa6 {[%emt 0:00:03]} Bxa6 {[%emt 0:00:00]} 22. b4 {[%emt 0:00:17]} Bb5 {[%emt 0:00:43]} 23. bxc5 {[%emt 0:00:06]} dxc5 {[%emt 0:00:05]} 24. Rb1 Bc6 25. e5 Qf5 26. a6 Be7 27. a7 {[%emt 0:01:11]} Ra8 {[%emt 0:00:06]} 28. Ra1 Bxf3 29. Qxd7 {[%emt 0:00:06]} Nxe5 {[%emt 0:00:01]} 30. Qd2 {[%emt 0:00:02]} Bd5 {[%emt 0:00:21]} 31. Qc3 {[%emt 0:00:01]} Nc4 {[%emt 0:00:19]} 32. Ra6 {[%emt 0:00:08]} 0-1

[Event "RUS-chT Blitz Men 2018"]
[Site "Sochi"]
[Date "2018.10.10"]
[Round "7"]
[White "Tatarintsev, Egor"]
[Black "Tsvetkov, Andrey"]
[Result "0-1"]
[WhiteElo "2086"]
[BlackElo "2264"]
[Annotator "NA RC"]
[PlyCount "118"]
[EventDate "2018.10.10"]
[EventType "swiss"]
[EventCountry "RUS"]
[SourceTitle "playchess.com"]
[Source "ChessBase"]
[SourceQuality "1"]
[TimeControl "180+2"]

1. e4 {[%emt 0:00:00]} c5 {[%emt 0:00:00]} 2. c3 {[%emt 0:00:01]} d5 {[%emt 0:00:00]} 3. exd5 {[%emt 0:00:01]} Qxd5 {[%emt 0:00:01]} 4. Nf3 {[%emt 0:00:01]} Nf6 {[%emt 0:00:02]} 5. Na3 {[%emt 0:00:03]} Bg4 {[%emt 0:00:03]} 6. Be2 {[%emt 0:00:02]} Nc6 {[%emt 0:00:08]} 7. O-O {[%emt 0:00:03]} e6 {[%emt 0:00:01]} 8. d4 {[%emt 0:00:17]} Be7 {[%emt 0:00:11]} 9. Nc2 {[%emt 0:00:21]} O-O {[%emt 0:00:04]} 10. Ne3 {[%emt 0:00:01]} Qd8 {[%emt 0:00:07]} 11. Nxg4 Nxg4 12. h3 {[%emt 0:00:26]} Nf6 {[%emt 0:00:09]} 13. Bb5 {[%emt 0:00:14]} Qc7 {[%emt 0:00:05]} 14. Bxc6 {[%emt 0:00:13]} Qxc6 {[%emt 0:00:01]} 15. Ne5 {[%emt 0:00:03]} Qd5 {[%emt 0:00:03]} 16. Be3 {[%emt 0:00:08]} Rfd8 {[%emt 0:00:02]} 17. Qf3 {[%emt 0:00:05]} cxd4 {[%emt 0:00:17]} 18. Bxd4 {[%emt 0:00:05]} a6 {[%emt 0:00:13]} 19. Rad1 {[%emt 0:00:20]} Qxf3 {[%emt 0:00:12]} 20. Nxf3 {[%emt 0:00:01]} b5 {[%emt 0:00:05]} 21. Rd2 {[%emt 0:00:09]} Rac8 {[%emt 0:00:11]} 22. Rfd1 {[%emt 0:00:01]} Nd5 {[%emt 0:00:05]} 23. Kf1 {[%emt 0:00:22]} b4 {[%emt 0:00:02]} 24. g3 {[%emt 0:00:18]} f6 {[%emt 0:00:15]} 25. Ke2 {[%emt 0:00:17]} Kf7 {[%emt 0:00:00]} 26. Ne1 {[%emt 0:00:07]} bxc3 {[%emt 0:00:04]} 27. bxc3 {[%emt 0:00:04]} Rxc3 {[%emt 0:00:05]} 28. Nf3 {[%emt 0:00:07]} Rcc8 {[%emt 0:00:10]} 29. Ke1 {[%emt 0:00:01]} Bb4 {[%emt 0:00:05]} 30. Ke2 {[%emt 0:00:04]} Bxd2 {[%emt 0:00:03]} 31. Rxd2 {[%emt 0:00:00]} Nb4 {[%emt 0:00:04]} 32. a3 {[%emt 0:00:03]} Nc6 {[%emt 0:00:04]} 33. Bc3 {[%emt 0:00:03]} Rxd2+ {[%emt 0:00:01]} 34. Nxd2 {[%emt 0:00:01]} e5 {[%emt 0:00:02]} 35. Nc4 {[%emt 0:00:02]} Ke6 {[%emt 0:00:01]} 36. Kd2 {[%emt 0:00:01]} Nd4 {[%emt 0:00:03]} 37. Bxd4 {[%emt 0:00:03]} Rxc4 {[%emt 0:00:01]} 38. Bc3 {[%emt 0:00:02]} Kd5 {[%emt 0:00:04]} 39. Kd3 {[%emt 0:00:01]} g6 {[%emt 0:00:01]} 40. Ba5 {[%emt 0:00:03]} f5 {[%emt 0:00:02]} 41. h4 {[%emt 0:00:03]} e4+ {[%emt 0:00:01]} 42. Kd2 {[%emt 0:00:00]} Ra4 {[%emt 0:00:04]} 43. Bb4 {[%emt 0:00:01]} Kc4 {[%emt 0:00:01]} 44. Bd6 {[%emt 0:00:03]} Kb3 {[%emt 0:00:02]} 45. Ke3 {[%emt 0:00:01]} Rxa3 {[%emt 0:00:02]} 46. Bxa3 {[%emt 0:00:02]} Kxa3 {[%emt 0:00:01]} 47. Kf4 {[%emt 0:00:01]} Kb3 {[%emt 0:00:01]} 48. Kg5 a5 49. Kh6 {[%emt 0:00:01]} a4 {[%emt 0:00:01]} 50. Kxh7 {[%emt 0:00:01]} a3 {[%emt 0:00:01]} 51. Kxg6 {[%emt 0:00:01]} a2 {[%emt 0:00:00]} 52. Kxf5 {[%emt 0:00:05]} a1=Q {[%emt 0:00:02]} 53. Kxe4 {[%emt 0:00:01]} Kc4 {[%emt 0:00:03]} 54. Kf4 {[%emt 0:00:01]} Kd5 {[%emt 0:00:01]} 55. Kg4 {[%emt 0:00:02]} Ke5 {[%emt 0:00:01]} 56. f4+ {[%emt 0:00:00]} Kf6 {[%emt 0:00:00]} 57. h5 {[%emt 0:00:02]} Qd1+ {[%emt 0:00:01]} 58. Kh4 {[%emt 0:00:02]} Kf5 {[%emt 0:00:01]} 59. g4+ {[%emt 0:00:04]} Qxg4# {[%emt 0:00:01]} 0-1

[Event "RUS-chT Blitz Men 2018"]
[Site "Sochi"]
[Date "2018.10.10"]
[Round "7"]
[White "Mochalin, Faddey"]
[Black "Popov, Maksim"]
[Result "1-0"]
[WhiteElo "2032"]
[BlackElo "1570"]
[Annotator "NA RC"]
[PlyCount "108"]
[EventDate "2018.10.10"]
[EventType "swiss"]
[EventCountry "RUS"]
[SourceTitle "playchess.com"]
[Source "ChessBase"]
[SourceQuality "1"]
[TimeControl "180+2"]

1. d4 {[%emt 0:00:00]} Nf6 {[%emt 0:00:00]} 2. c4 {[%emt 0:00:00]} c5 {[%emt 0:00:00]} 3. d5 {[%emt 0:00:00]} b5 {[%emt 0:00:01]} 4. cxb5 a6 {[%emt 0:00:03]} 5. bxa6 {[%emt 0:00:02]} Bxa6 {[%emt 0:00:01]} 6. Nc3 {[%emt 0:00:01]} d6 {[%emt 0:00:01]} 7. e4 {[%emt 0:00:01]} Bxf1 {[%emt 0:00:02]} 8. Kxf1 {[%emt 0:00:00]} g6 {[%emt 0:00:01]} 9. g3 {[%emt 0:00:01]} Bg7 {[%emt 0:00:01]} 10. Kg2 {[%emt 0:00:01]} O-O {[%emt 0:00:04]} 11. Nf3 {[%emt 0:00:00]} Nbd7 {[%emt 0:00:08]} 12. a4 {[%emt 0:00:01]} Nb6 {[%emt 0:00:35]} 13. Nd2 {[%emt 0:00:18]} e6 {[%emt 0:00:05]} 14. dxe6 {[%emt 0:00:03]} fxe6 {[%emt 0:00:01]} 15. Nb5 {[%emt 0:00:10]} d5 {[%emt 0:00:33]} 16. exd5 {[%emt 0:00:24]} Nfxd5 {[%emt 0:00:29]} 17. Ne4 {[%emt 0:00:09]} Nc4 {[%emt 0:00:27]} 18. Qc2 {[%emt 0:00:19]} Ne5 {[%emt 0:00:27]} 19. Ra3 {[%emt 0:00:02]} c4 {[%emt 0:00:03]} 20. Rf1 {[%emt 0:01:14]} Rc8 {[%emt 0:00:11]} 21. a5 {[%emt 0:00:13]} Nd3 {[%emt 0:00:03]} 22. Rxd3 {[%emt 0:00:40]} cxd3 23. Qxd3 {[%emt 0:00:01]} Qxa5 {[%emt 0:00:05]} 24. Nd4 {[%emt 0:00:04]} Bxd4 {[%emt 0:00:08]} 25. Qxd4 {[%emt 0:00:01]} Qb4 {[%emt 0:00:06]} 26. Qe5 {[%emt 0:00:01]} Rce8 {[%emt 0:00:05]} 27. Bh6 {[%emt 0:00:02]} Rf7 {[%emt 0:00:01]} 28. Nd6 Qb8 {[%emt 0:00:09]} 29. Nxf7 {[%emt 0:00:05]} Qxe5 30. Nxe5 Rb8 31. Bc1 {[%emt 0:00:04]} Kg7 {[%emt 0:00:05]} 32. Rd1 {[%emt 0:00:02]} Rb7 {[%emt 0:00:00]} 33. Rd3 {[%emt 0:00:01]} Kf6 {[%emt 0:00:01]} 34. Ng4+ {[%emt 0:00:02]} Kf5 {[%emt 0:00:02]} 35. Ne3+ {[%emt 0:00:01]} Nxe3+ {[%emt 0:00:01]} 36. Rxe3 {[%emt 0:00:01]} e5 {[%emt 0:00:00]} 37. b3 {[%emt 0:00:02]} Rb4 {[%emt 0:00:01]} 38. Bb2 {[%emt 0:00:01]} e4 {[%emt 0:00:01]} 39. Ba3 Rb5 40. b4 {[%emt 0:00:05]} h5 {[%emt 0:00:01]} 41. h4 {[%emt 0:00:00]} g5 {[%emt 0:00:02]} 42. hxg5 {[%emt 0:00:01]} Rb6 {[%emt 0:00:03]} 43. Rb3 {[%emt 0:00:03]} Kxg5 {[%emt 0:00:02]} 44. b5 {[%emt 0:00:01]} h4 {[%emt 0:00:06]} 45. gxh4+ {[%emt 0:00:01]} Kxh4 {[%emt 0:00:01]} 46. Bc5 {[%emt 0:00:02]} Rb7 47. b6 {[%emt 0:00:01]} Rg7+ {[%emt 0:00:07]} 48. Kf1 {[%emt 0:00:00]} Rb7 {[%emt 0:00:02]} 49. Be3 {[%emt 0:00:01]} Kg4 {[%emt 0:00:01]} 50. Rc3 {[%emt 0:00:01]} Kf3 {[%emt 0:00:03]} 51. Rc7 Rb8 52. b7 {[%emt 0:00:04]} Rd8 {[%emt 0:00:02]} 53. Rf7+ {[%emt 0:00:02]} Kg4 {[%emt 0:00:03]} 54. Bf4 {[%emt 0:00:01]} e3 1-0

[Event "RUS-chT Blitz Men 2018"]
[Site "Sochi"]
[Date "2018.10.10"]
[Round "7"]
[White "Girshgorn, Leonid"]
[Black "Klimentov, Evgeny"]
[Result "0-1"]
[WhiteElo "1925"]
[BlackElo "2135"]
[Annotator "TA"]
[PlyCount "100"]
[EventDate "2018.10.10"]
[EventType "swiss"]
[EventCountry "RUS"]
[SourceTitle "playchess.com"]
[Source "ChessBase"]
[SourceQuality "1"]

{[%evp 20,100,0,0,75,56,89,108,75,50,126,93,84,98,88,76,85,60,46,58,55,62,141,141,135,68,116,92,150,60,127,89,123,109,114,127,144,78,136,68,50,53,79,68,82,0,0,0,0,0,0,0,0,0,0,0,0,-30,0,0,0,-1516,-1516,-1453,-1387,-29971,-29972,-29969,-29971,-29967,-29972,-29981,-29982,-29987,-29978,-29986,-29987,-29987,-29987,-29991,-29992,-29992,-29990]} 1. d4 d6 2. e4 g6 3. Nf3 Bg7 4. g3 Nd7 5. Bg2 e5 6. O-O exd4 7. Nxd4 Ne7 8. c4 O-O 9. Nc3 Nc6 10. Be3 Nde5 {A42: Modern Defence: Averbakh Variation} 11. Nxc6 {LiveBook: 23 Games} Nxc6 (11... bxc6 $11 12. b3 Bg4) (11... bxc6 12. b3 Bg4 13. Qd2 Nf3+ 14. Bxf3 Bxf3 15. Qd3 Qf6 16. Rac1 Bg4 17. f4 Rfe8 18. Rfe1 {0-1 (40) Vidit,S (2651)-Jumabayev,R (2606) Berlin 2015}) 12. Qc2 f5 $146 {White is slightly better.} ({Predecessor:} 12... Be6 13. b3 Qc8 14. Rad1 Kh8 15. Qd2 a5 {½-½ (15) Seifert,V-Helm,L Friedrichroda 1997}) 13. Rad1 fxe4 14. Nxe4 Bf5 (14... Kh8 $14) 15. c5 d5 16. Qb3 Ne7 17. Nc3 c6 18. Qxb7 {And now Nxd5! would win.} Rb8 19. Qxa7 Rxb2 20. Bd4 Bg4 (20... Bxd4 $14 21. Rxd4 Qd7 22. Qxd7 Bxd7) 21. Bxg7 $16 Kxg7 22. Rd4 (22. Rde1 $16 Bd7 23. Re2) 22... Bd7 23. Qa3 Qb8 ({Better is} 23... Rb7) 24. Nd1 (24. Na4 $1 $16 {[%cal Ra4b2]} Re2 25. Rd2 $1 {[%mdl 512]}) 24... Rc2 (24... Rb1 $14) 25. Ne3 Rb2 26. Qc3 Kg8 27. a4 Rb3 28. Qc2 (28. Qa1 $142) 28... Nf5 {[#]} (28... Bc8 $142) 29. Nxf5 (29. Rf4 $1 $16) 29... Bxf5 $14 30. Qd2 Re8 31. a5 Qb5 32. Rc1 ({White should try} 32. h4 $16) 32... Ra3 33. Qf4 Qxa5 34. h4 Ra1 35. Rxa1 Qxa1+ 36. Kh2 Qc3 37. Ra4 {aiming for Qd6.} Qxc5 38. h5 Qe7 39. h6 Qe5 40. Ra8 $2 {[%mdl 8192]} (40. Qc1 $11) 40... Qxf4 $19 41. Rxe8+ Kf7 42. gxf4 Kxe8 {[%mdl 4096] Endgame KB-KB. Black mates.} 43. Kg3 Ke7 44. Bf3 Kd6 45. Kh4 c5 {[%cal Bc6c5,Bc5c4,Bc4c3,Bc3c2][%mdl 32]} 46. Kg5 Ke6 47. Be2 c4 48. f3 c3 49. Ba6 c2 50. Bc8+ Kf7 {Precision: White = 50%, Black = 55%.} 0-1